00624nam a2200121Ia 4500008004100000020001800041100009800059245020500157260002700362650001400389650005300403856004600456171212s9999 xx 000 0 und d a9780833041654 aBrewer, Dominic J.;Augustine, Catherine H.;Zellman, Gail L.;Ryan, Gery W.;Goldman, Charles A. cBrewer, Dominic J.;Augustine, Catherine H.;Zellman, Gail L.;Ryan, Gery W.;Goldman, Charles A.aEducation for a New Era, Executive SummarybDesign and Implementation of K–12 Education Reform in Qatar bRAND Corporationc2007 aEducation aEducation -- Qatar; Education and state -- Qatar uwww.jstor.org/stable/10.7249/mg548-1qatar